<?xml version="1.0" encoding="UTF-8"?><?xml-stylesheet type="text/xsl" href="static/style.xsl"?><OAI-PMH xmlns="http://www.openarchives.org/OAI/2.0/" xmlns:xsi="http://www.w3.org/2001/XMLSchema-instance" xsi:schemaLocation="http://www.openarchives.org/OAI/2.0/ http://www.openarchives.org/OAI/2.0/OAI-PMH.xsd"><responseDate>2026-04-13T05:46:27Z</responseDate><request verb="GetRecord" identifier="oai:www.recercat.cat:10459.1/58399" metadataPrefix="marc">https://recercat.cat/oai/request</request><GetRecord><record><header><identifier>oai:recercat.cat:10459.1/58399</identifier><datestamp>2025-11-25T20:13:54Z</datestamp><setSpec>com_2072_3622</setSpec><setSpec>col_2072_479130</setSpec></header><metadata><record xmlns="http://www.loc.gov/MARC21/slim" xmlns:dcterms="http://purl.org/dc/terms/" xmlns:xsi="http://www.w3.org/2001/XMLSchema-instance" xmlns:doc="http://www.lyncode.com/xoai" xsi:schemaLocation="http://www.loc.gov/MARC21/slim http://www.loc.gov/standards/marcxml/schema/MARC21slim.xsd">
   <leader>00925njm 22002777a 4500</leader>
   <datafield ind2=" " ind1=" " tag="042">
      <subfield code="a">dc</subfield>
   </datafield>
   <datafield ind2=" " ind1=" " tag="720">
      <subfield code="a">Madurga, Sergio</subfield>
      <subfield code="e">author</subfield>
   </datafield>
   <datafield ind2=" " ind1=" " tag="720">
      <subfield code="a">Garcés, Josep Lluís</subfield>
      <subfield code="e">author</subfield>
   </datafield>
   <datafield ind2=" " ind1=" " tag="720">
      <subfield code="a">Companys Ferran, Encarnació</subfield>
      <subfield code="e">author</subfield>
   </datafield>
   <datafield ind2=" " ind1=" " tag="720">
      <subfield code="a">Rey-Castro, Carlos</subfield>
      <subfield code="e">author</subfield>
   </datafield>
   <datafield ind2=" " ind1=" " tag="720">
      <subfield code="a">Salvador, José</subfield>
      <subfield code="e">author</subfield>
   </datafield>
   <datafield ind2=" " ind1=" " tag="720">
      <subfield code="a">Galceran i Nogués, Josep</subfield>
      <subfield code="e">author</subfield>
   </datafield>
   <datafield ind2=" " ind1=" " tag="720">
      <subfield code="a">Vilaseca i Font, Eudald</subfield>
      <subfield code="e">author</subfield>
   </datafield>
   <datafield ind2=" " ind1=" " tag="720">
      <subfield code="a">Puy Llorens, Jaume</subfield>
      <subfield code="e">author</subfield>
   </datafield>
   <datafield ind2=" " ind1=" " tag="720">
      <subfield code="a">Mas i Pujadas, Francesc</subfield>
      <subfield code="e">author</subfield>
   </datafield>
   <datafield ind2=" " ind1=" " tag="260">
      <subfield code="c">2009</subfield>
   </datafield>
   <datafield ind2=" " ind1=" " tag="520">
      <subfield code="a">The influence of ion size and surface charge&#xd;
model in titrations of ionizable polyelectrolytes is studied&#xd;
by means of the Semi Grand Canonical Monte Carlo&#xd;
simulation method in the context of the primitive model.&#xd;
Three models describing a discrete distribution of charged&#xd;
functional groups on the polyelectrolyte and different values&#xd;
for the radius of the background electrolyte spanning&#xd;
from ionic to hydrated radii values were analyzed. The&#xd;
polyelectrolyte titrations were simulated by calculating the&#xd;
degree of ionization versus pH curves at two ionic&#xd;
strengths. The results allow us to quantify the impact of the&#xd;
sizes of the background salt ions and surface functional&#xd;
groups of the polyelectrolyte on the dissociation degree.&#xd;
This influence is explained in terms of the effectiveness of&#xd;
the screening of the charged surface sites. Finally, by&#xd;
comparison with the Non-Linear Poisson–Boltzmann&#xd;
model, the influence of ionic correlations and finite size of&#xd;
the solution ions is assessed.</subfield>
   </datafield>
   <datafield ind2=" " ind1=" " tag="520">
      <subfield code="a">The authors gratefully acknowledge support of this research by the Spanish Ministry of Science and Technology (Projects UNBA05-33-001, CTM2006-13583 and CTQ2006-14385) and from the ‘‘Comissionat d’Universitats i Recerca de la Generalitat de Catalunya’’.</subfield>
   </datafield>
   <datafield tag="653" ind2=" " ind1=" ">
      <subfield code="a">Macromolecular complexation</subfield>
   </datafield>
   <datafield tag="653" ind2=" " ind1=" ">
      <subfield code="a">Polyelectrolytic effect</subfield>
   </datafield>
   <datafield tag="653" ind2=" " ind1=" ">
      <subfield code="a">Specific binding</subfield>
   </datafield>
   <datafield tag="653" ind2=" " ind1=" ">
      <subfield code="a">Monte Carlo simulation</subfield>
   </datafield>
   <datafield ind2="0" ind1="0" tag="245">
      <subfield code="a">Ion binding to polyelectrolytes: Monte Carlo simulations versus classical mean field theories</subfield>
   </datafield>
</record></metadata></record></GetRecord></OAI-PMH>